Statistics for Retired Baseball Jerseys - by the Numbers

Click here to take the quiz!

General Stats

  • This quiz has been taken 138 times
  • The average score is 12 of 17

Answer Stats

Players/Coaches (Team)Retired Jersey #% Correct
Harmon Killebrew (Twins), Dale Murphy (Braves), Babe Ruth (Yankees)3
98%
Mariano Rivera (Yankees), Jackie Robinson (all teams), Bruce Sutter (Cardinals)42
88%
Cal Ripken (Orioles), Willie Stargell (Pirates), Carl Yastrzemski (Red Sox)8
83%
Hank Aaron (Braves/Brewers), Reggie Jackson (Yankees), Willie McCovey (Giants)44
80%
Nellie Fox (White Sox), Derek Jeter (Yankees), Tommy Lasorda (Dodgers)2
78%
Ken Griffey, Jr. (Mariners), Rickey Henderson (A's), Willie Mays (Giants)24
77%
Lou Gehrig (Yankees), Ralph Kiner (Pirates), Paul Molitor (Brewers)4
76%
Bob Feller (Indians), Tony Gwynn (Padres), Robin Yount (Brewers)19
73%
Ernie Banks (Cubs), Gil Hodges (Dodgers), Pete Rose (Reds)14
69%
Greg Maddux (Cubs/Braves), Mike Piazza (Mets), Dave Winfield (Padres)31
69%
David Ortiz (Red Sox), Kirby Puckett (Twins), Nolan Ryan (Rangers/Astros)34
67%
Johnny Bench (Reds), Hank Greenberg (Tigers), Brooks Robinson (Orioles)5
65%
Bobby Cox (Braves), Al Kaline (Tigers), Stan Musial (Cardinals)6
65%
Reggie Jackson (A's), Minnie Minosa (White Sox), Ted Williams (Red Sox)9
65%
Roberto Clemente (Pirates), Bob Lemon (Indians), Warren Spahn (Braves)21
64%
Frank Robinson (Indians), Frank Robinson (Orioles), Frank Robinson (Reds)20
52%
Carlton Fisk (Red Sox), Catfish Hunter (A's), Juan Marichal (Giants)27
51%

Score Distribution

Percentile by Number Answered

Percent of People with Each Score

Your Score History

You have not taken this quiz